000 00522nam a22001817a 4500
003 CEME
005 20210628203253.0
008 210204b xxu||||| |||| 00| 0 eng d
020 _a8188458716
040 _c.
082 _a621.3848 SHA
100 _aSharma, K.K
_964419
245 _aFundamentals of radar, sonar and navigaiton engineering , (with guidance)
260 _aNEW DELHI
_bS.K. KATARIA & SONS
_c2010
300 _a635P
650 _aFUNDAMENTALS OF RADAR.NAVIGAITON ENGINEERING.
_964420
942 _cBK
_2ddc
999 _c572914
_d572914